[Event "Dyfed Major op 49th"]
[Site "Fishguard"]
[Date "2020.02.14"]
[Round "1"]
[White "Osinga, Awne"]
[Black "Paffard, Mark"]
[Result "1/2-1/2"]
[WhiteElo "1297"]
[BlackElo "1603"]
[PlyCount "47"]
[EventDate "2020.02.14"]
[EventType "swiss"]
[EventRounds "5"]
[EventCountry "WLS"]
[SourceTitle "EXT 2022"]
[Source "ChessBase"]
[SourceDate "2021.10.06"]
[SourceVersion "1"]
[SourceVersionDate "2021.10.06"]
[SourceQuality "1"]

1. e4 c5 2. Nf3 e6 3. Be2 Nc6 4. 0-0 Qc7 5. c3 Nf6 6. d3 Be7 7. Nbd2 d5 8. exd5 exd5 9. Re1 0-0 10. Nf1 Bd7 11. d4 cxd4 12. Nxd4 Nxd4 13. Qxd4 Rfe8 14. Bg5 Bc5 15. Qh4 Re4 16. Qg3 Bd6 17. Qd3 Rae8 18. Bxf6 gxf6 19. Ng3 Bxg3 20. hxg3 Qe5 21. Kf1 a6 22. f4 Qe6 23. Qd2 Bc6 24. Bf3 1/2-1/2

[Event "Dyfed Major op 48th"]
[Site "Fishguard"]
[Date "2019.02.24"]
[Round "4"]
[White "Osinga, Awne"]
[Black "Thacker, Steve M"]
[Result "1-0"]
[WhiteElo "1350"]
[BlackElo "1430"]
[PlyCount "55"]
[EventDate "2019.02.22"]
[EventType "swiss"]
[EventRounds "5"]
[EventCountry "WLS"]
[SourceTitle "EXT 2020"]
[Source "ChessBase"]
[SourceDate "2019.10.17"]
[SourceVersion "1"]
[SourceVersionDate "2019.10.17"]
[SourceQuality "1"]

1. e4 e5 2. Nf3 Nc6 3. Bc4 Bc5 4. 0-0 Nf6 5. d3 h6 6. h3 d6 7. a3 0-0 8. c3 a6 9. Be3 Bxe3 10. fxe3 Be6 11. Ba2 Bxa2 12. Rxa2 Ne7 13. b4 Ng6 14. Qe1 Nh7 15. Raf2 Ng5 16. Nbd2 Ne6 17. Nh2 Qd7 18. Rf5 f6 19. Qg3 Qe8 20. Ng4 Kh7 21. Nh2 Ne7 22. R5f3 Qg6 23. Qf2 Ng5 24. Rg3 Qf7 25. Nhf3 Rad8 26. Nh4 Rd7 27. Nf5 Nxf5 28. Qxf5+ 1-0

[Event "Dyfed Major op 46th"]
[Site "Fishguard"]
[Date "2017.02.26"]
[Round "5"]
[White "Osinga, Awne"]
[Black "Holman, Sam"]
[Result "1-0"]
[WhiteElo "1386"]
[BlackElo "1334"]
[PlyCount "55"]
[EventDate "2017.02.24"]
[EventType "swiss"]
[EventRounds "5"]
[EventCountry "WLS"]
[SourceTitle "EXT 2020"]
[Source "ChessBase"]
[SourceDate "2019.10.17"]
[SourceVersion "1"]
[SourceVersionDate "2019.10.17"]
[SourceQuality "1"]

1. e4 c5 2. Nf3 d6 3. Bc4 e6 4. Nc3 Be7 5. 0-0 a6 6. a3 b5 7. Be2 Bb7 8. d3 Nf6 9. h3 0-0 10. Nh2 h6 11. Bf3 Re8 12. e5 Nd5 13. Nxd5 exd5 14. e6 fxe6 15. Bh5 Rf8 16. Qg4 Bg5 17. Qxe6+ Kh8 18. Re1 Bxc1 19. Raxc1 d4 20. Re2 Bxg2 21. Kxg2 Qg5+ 22. Ng4 Qxh5 23. Qxd6 Qf5 24. Rce1 h5 25. Ne5 Rf6 26. Qd5 Ra7 27. Qd8+ Rf8 28. Qxf8+ 1-0

[Event "Dyfed Major op 46th"]
[Site "Fishguard"]
[Date "2017.02.25"]
[Round "3"]
[White "Osinga, Awne"]
[Black "O'Brien, Sam"]
[Result "0-1"]
[WhiteElo "1386"]
[BlackElo "1087"]
[PlyCount "120"]
[EventDate "2017.02.24"]
[EventType "swiss"]
[EventRounds "5"]
[EventCountry "WLS"]
[SourceTitle "EXT 2020"]
[Source "ChessBase"]
[SourceDate "2019.10.17"]
[SourceVersion "1"]
[SourceVersionDate "2019.10.17"]
[SourceQuality "1"]

1. e4 e5 2. Nf3 Nc6 3. Be2 Nf6 4. d3 h6 5. 0-0 Bc5 6. a3 a5 7. Nbd2 d6 8. Nc4 Be6 9. Be3 Bxe3 10. Nxe3 b5 11. c3 Rb8 12. Qc2 0-0 13. d4 exd4 14. cxd4 Ne7 15. Rfd1 Qd7 16. e5 Nfd5 17. Qe4 Rfc8 18. Bd3 Qe8 19. Nh4 g6 20. Qf3 dxe5 21. dxe5 g5 22. Nhf5 Nf4 23. Nxh6+ Kf8 24. Nhg4 Nxd3 25. Rxd3 Ng6 26. Qg3 Nf4 27. Rd2 Rd8 28. Rxd8 Ne2+ 29. Kf1 Nxg3+ 30. hxg3 Rxd8 31. Nf6 Qe7 32. Nh7+ Kg8 33. Nf6+ Kg7 34. Ke2 Qc5 35. f4 gxf4 36. gxf4 Kg6 37. Ne4 Qc6 38. Ng3 Rh8 39. f5+ Bxf5 40. Ngxf5 Qe4 41. Ne7+ Kg5 42. Rf1 Rh2 43. Rf5+ Kh6 44. Rf6+ Kg7 45. Rf2 Qxe5 46. N7f5+ Kg6 47. Kd3 Rh8 48. Kc2 Qc5+ 49. Kd2 Rd8+ 50. Ke2 b4 51. Nh4+ Kg7 52. a4 Qh5+ 53. Nf3 Re8 54. g4 Qc5 55. Nh4 Qxe3+ 56. Kf1 Qe1+ 57. Kg2 Re2 58. Nf5+ Kh7 59. Rxe2 Qxe2+ 60. Kg3 Qxb2 0-1